.نفوس محطمة (Record no. 15126)

MARC details
000 -LEADER
fixed length control field 00801nam a2200217 4500
008 - FIXED-LENGTH DATA ELEMENTS--GENERAL INFORMATION
fixed length control field b xx# ara u
010 ## - LIBRARY OF CONGRESS CONTROL NUMBER
LC control number 50484
020 ## - INTERNATIONAL STANDARD BOOK NUMBER
International Standard Book Number 0862103126
020 ## - INTERNATIONAL STANDARD BOOK NUMBER
International Standard Book Number 9780862103125
040 ## - CATALOGING SOURCE
Original cataloging agency LB-BrCRDP
082 ## - DEWEY DECIMAL CLASSIFICATION NUMBER
Classification number 320.9/M963n
100 1# - MAIN ENTRY--PERSONAL NAME
Personal name .منظمة العفو الدولية
130 1# - MAIN ENTRY--UNIFORM TITLE
Language of a work AR
245 10 - TITLE STATEMENT
Title .نفوس محطمة
Remainder of title مضي عام على الانتفاضة: اسرائيل، الاراضي المحتلة، السلطة الفلسطينية
Statement of responsibility, etc. منظمة العفو الدولية
260 ## - PUBLICATION, DISTRIBUTION, ETC.
Name of publisher, distributor, etc. المنظمة
Date of publication, distribution, etc. 2001
300 ## - PHYSICAL DESCRIPTION
Extent 98 ص. :
Other physical details صور ؛
Dimensions 23 سم.
650 ## - SUBJECT ADDED ENTRY--TOPICAL TERM
Topical term or geographic name entry element فلسطين
General subdivision الاحوال السياسية-القرن العشرين
650 ## - SUBJECT ADDED ENTRY--TOPICAL TERM
Topical term or geographic name entry element التعذيب
General subdivision فلسطين
942 ## - ADDED ENTRY ELEMENTS (KOHA)
Koha item type Books
Holdings
Withdrawn status Lost status Source of classification or shelving scheme Damaged status Not for loan Home library Current library Shelving location Date acquired Total Checkouts Full call number Barcode Date last seen Copy number Price effective from Koha item type Public note
    Dewey Decimal Classification     مكتبة المطبعة - سن الفيل مكتبة المطبعة - سن الفيل Salle de Lecture 07/28/2016   320.9 M963n CRF009744 07/28/2016 1 07/28/2016 Books A2/11/3